| 000 | 00881cam a22002174a 4500 | ||
|---|---|---|---|
| 005 | 20250605164001.0 | ||
| 008 | 250528s ||||||||||||||||||||||||d | ||
| 035 | _a15657 | ||
| 020 | _a859417301 | ||
| 040 |
_aGR-AtMCL _bgre _dGR-AtMCL _eAACR2 |
||
| 245 | 1 | _aIntroduction to the International Money Markets | |
| 250 | _a1st | ||
| 260 | _c1992 | ||
| 300 | _a152 | ||
| 520 | _aThis book explains in a clear and easy to follow manner the operation of the money markets worldwide and the nature of the financial instruments traded. Preface, Introduction: The Recent History of International, The Foreign Exchange Markets, Money Markets and Interest Rates, Stocks and Bonds, Financial Futures, Options, Swaps, Future Developments, Glossary, Index. | ||
| 700 | 1 |
_aRedhead Keith _91617 |
|
| 700 | 1 |
_aWoodhead-Faulkner _91158 |
|
| 942 | _cBK | ||
| 999 |
_c1220 _d1220 |
||